Normal view
MARC view
- ASP 2.0 ACTIVE SERVER PAGE 2.0
Entry Topical Term
001 - CONTROL NUMBER
- control field: 79750
003 - CONTROL NUMBER IDENTIFIER
- control field: NUST
005 - DATE AND TIME OF LATEST TRANSACTION
- control field: 20210628210521.0
008 - FIXED-LENGTH DATA ELEMENTS
- fixed length control field: 210628|| aca||aabn | a|a d
040 ## - CATALOGING SOURCE
- Original cataloging agency: NUST
- Transcribing agency: NUST
150 ## - HEADING--TOPICAL TERM
- Topical term or geographic name entry element: ASP 2.0 ACTIVE SERVER PAGE 2.0
670 ## - SOURCE DATA FOUND
- Source citation: Work cat.: (NUST): Banick, Steven Eddy, Craig Walther, Stephen 79749, Active server pages 2.0 asp 2.0, 1999
